=LDR 00000nam 2200000 4500 =001 INLIS000000000044166 =005 20131008105132 =008 ***********************************ind** =035 ##$$0010-101300000002088 =041 ##$$a ind =082 ##$$a 332.1 =090 ##$$a 332.1, ASC d =100 ##$$a Ascarya =245 ##$$a Dominasi Pembiayaan Nonbagi Hasil Pada Perbankan Syari'ah Indonesia, Masalah dan Alternatif Solusi, Ascarya, Diana Yumianita, Ahmad Arief =260 ##$$a 2004 $b Jakarta =300 ##$$a vii, 73 hlm, 23 cm =650 ##$$a Bank Islam =700 ##$$a Yumanita, Diana =850 ##$$a NBPNMAT